000 00170nam a22000857a 4500
082 _a823
100 _aALMAS VIQUAS
245 _aFAMOUS TALES OF AKBAR AND BIRBAL
942 _cBK
999 _c8326
_d8326